| 000 | 00558nam a22001817a 4500 | ||
|---|---|---|---|
| 999 |
_c193767 _d193767 |
||
| 005 | 20221130111918.0 | ||
| 010 | _aENG-135688 | ||
| 020 |
_c630.00 _a978-93-88860-09-3 |
||
| 035 | _aEN-119220 | ||
| 037 | _bDBAD/PUB | ||
| 082 | _a894.81136 | ||
| 245 |
_aPonniyan selvan _cTranslated by Pavithra Srinivasan |
||
| 260 |
_aChennai _bZero Degree Publishing _c2019 |
||
| 270 |
_aNo.55(7), R Block, 6th Avenue,Anna Ngr. _bChennai _e600040 |
||
| 300 |
_a474p. _c22cm(pbk) |
||
| 700 | _aSrinivasan, Pavithra | ||
| 942 |
_2ddc _cEN _mPON _h894.81136 |
||